Associe les villes et les pays d'Europe (facile) - Statistiques

Statistiques générales
  • Ce quiz a été pris 125 fois
  • Le résultat moyen est 12 sur 15
Statistiques - réponses
Ville Pays % Correct
Hambourg Allemagne
100%
Séville Espagne
100%
Barcelone Espagne
100%
Rotterdam Pays-Bas
100%
Liverpool Royaume-Uni
100%
Birmingham Royaume-Uni
100%
Lausanne Suisse
100%
Charleroi Belgique
97%
Naples Italie
97%
Liège Belgique
96%
Sofia Bulgarie
96%
Palerme Italie
96%
Belgrade Serbie
96%
Zurich Suisse
96%
Anvers Belgique
95%
Porto Portugal
95%
Zagreb Croatie
93%
Bucarest Roumanie
93%
Bratislava Slovaquie
93%
Gênes Italie
91%
Reykjavík Islande
90%
Utrecht Pays-Bas
90%
Ljubljana Slovénie
90%
Tirana Albanie
89%
Francfort-sur-le-Main Allemagne
89%
Budapest Hongrie
88%
Vilnius Lituanie
88%
Donetsk Ukraine
88%
Salzbourg Autriche
86%
Bilbao Espagne
86%
Cracovie Pologne
86%
Tallinn Estonie
85%
Riga Lettonie
85%
Malmö Suède
85%
Minsk Biélorussie
83%
Dubrovnik Croatie
79%
Cork Irlande
79%
Plymouth Royaume-Uni
79%
Sarajevo Bosnie-Herzégovine
77%
Wroclaw Pologne
77%
Lucerne Suisse
77%
Dresde Allemagne
75%
Thessalonique Grèce
75%
Split Croatie
73%
Chișinău Moldavie
68%
Lviv Ukraine
64%
Bergen Norvège
60%
Odessa Ukraine
60%
Graz Autriche
54%
Odense Danemark
42%
Breda Pays-Bas
39%
Patras Grèce
38%
Coimbra Portugal
35%
Brno Tchéquie
35%
Tampere Finlande
33%
Aucun quiz correspondant
Distribution des résultats
% des personnes avec chaque résultat
Percentile par nombre de réponses
Votre historique - résultats
Vous n’avez pas pris ce quiz